000
00249nam a2200109Ia 4500
008
190216s9999||||xx |||||||||||||| ||und||
100
_a
Jhingan M L
245
0
_a
Principles Of Economics
260
_b
Vrinda Pub
_c
1997
300
_a
695p
942
_c
BK
999
_c
10079
_d
10079